| 000 | 01324nam a22003977a 4500 | ||
|---|---|---|---|
| 001 | 0015014 | ||
| 003 | KOHA_MİRAKIL | ||
| 005 | 20260207002014.0 | ||
| 007 | ta | ||
| 008 | 100311b1984 tu |||gr||||#||||0|tur | | ||
| 020 | _c0,01 | ||
| 040 |
_aTR-BiSEU _btur _cTR-BiSEU _erda |
||
| 041 | 0 | _atur | |
| 044 | _ctu | ||
| 050 |
_aQE391.M2 _bE47 1984 |
||
| 100 | 1 | _aEmrullahoğlu, Ö. Faruk. | |
| 245 | 1 |
_aÇayırbağ manyezit cevherinin flotasyonla zenginleştirilmesi ve flotasyon artıklarından magnezyum klorür üretimi/ _cEmrullahoğlu ; Ö. Faruk Emrullahoğlu. |
|
| 264 | 1 |
_aEskişehir : _bAnadolu Üniversitesi _c1984 |
|
| 300 | _a103 sayfa: resimli; 24 cm. | ||
| 336 |
_ametin _btxt _2rdacontent |
||
| 337 |
_aaracısız _bn _2rdamedia |
||
| 338 |
_acilt _bnc _2rdacarrier |
||
| 490 | 1 |
_aAnadolu Üniversitesi yayınları ; _vno. |
|
| 490 | 1 | _a49. | |
| 490 | 1 |
_aMühendislik-Mimarlık Fakültesi yayınları ; _vno. |
|
| 490 | 1 | _a11. | |
| 650 | 0 |
_aMineroloji--Manyezit. _934845 |
|
| 650 | 0 |
_aMineraloji--Manyezit. _934846 |
|
| 650 | 0 |
_aMagnezyum. _934847 |
|
| 650 | 0 |
_aMagnesium. _934848 |
|
| 830 | 1 |
_aAnadolu Üniversitesi yayınları ; _vno. _97107 |
|
| 830 | 1 |
_a49. _910642 |
|
| 830 | 1 |
_aMühendislik-Mimarlık Fakültesi yayınları ; _vno. _931012 |
|
| 830 | 1 |
_a11. _97332 |
|
| 942 |
_2lcc _cBK |
||
| 999 |
_c14977 _d14977 |
||